| 000 | 00000nam##2200000za#4500 |
| 001 | 9.639646 |
| 003 | CaOODSP |
| 005 | 20210624222256 |
| 007 | cr ||||||||||| |
| 008 | 150407|2001||||xxc|||||o f|0| 0 fre|d |
| 040 | |aCaOODSP|bfre |
| 043 | |an-cn--- |
| 086 | 1 |aPF4-2/2001-5F-PDF |
| 110 | 1 |aCanada. |bTravaux publics et services gouvernementaux Canada. |
| 245 | 10|aDes services pour vous |h[ressource électronique] |
| 250 | |aÉdition Québec |
| 260 | |aOttawa - Ontario : |bTravaux publics et Services gouvernementaux Canada |cc2001. |
| 300 | |a10p.|bill. en couleur, photographies |
| 500 | |aLe n° de catalogue (PF4-2/2001) et l'ISBN (0-662-66021-8) de l'édition imprimée bilingue ont été incorrectement copiés dans l'édition électronique. |
| 590 | |a12-04-Supp|b2012-02-20 |
| 691 | 07|aProgramme fédéral|2gcpds |
| 691 | 07|aProvince|2gcpds |
| 775 | 08|tServices for you |w(CaOODSP)9.695510 |
| 776 | 0#|tServices for you |w(CaOODSP)9.663401 |
| 776 | 0#|tDes services pour vous |w(CaOODSP)9.663402 |
| 856 | 40|ahttp://publications.gc.ca|qPDF|s3.46 Mo|uhttps://publications.gc.ca/collections/Collection/PF4-2-2001-5F.pdf |